000
00296nam a22001457a 4500
082
_a
001
_b
GUP/S
100
_a
GUPTA, ARAVIND
245
_a
SCIENCE FUN
250
_a
1
260
_a
NEW YORK
_b
SCHOLASTIC
300
_a
52
520
_a
SCIENCE GK
650
_a
SCIENCE GK
_z
NEW YORK
942
_c
BK
999
_c
6103
_d
6103